| 000 | 00556cam a2200181 a 4500 | ||
|---|---|---|---|
| 020 | _a0697209393 | ||
| 040 | _cDLC | ||
| 082 | 0 | 0 | _a572 HIL 1998 A109 Or. |
| 100 | 1 | _aPaolella, Peter. | |
| 245 | 1 | 0 | _aIntroduction to molecular biology / |
| 250 | _a1st ed. | ||
| 260 |
_aBoston, Mass. : _bMcGraw-Hill, _cc1998. |
||
| 300 |
_axiii, 241 p. : _bill. (some col.) ; _c28 cm. |
||
| 650 | 0 | _aMolecular biology. | |
| 856 | 4 | 2 | _uhttp://www.loc.gov/catdir/description/mh022/96083781.html |
| 856 | 4 | 1 | _uhttp://www.loc.gov/catdir/toc/mh022/96083781.html |
| 942 | _cEK | ||
| 999 |
_c16597 _d16597 |
||